European leaders - Statistics

General Stats
  • This quiz has been taken 1,129 times
  • The average score is 27 of 45
Answer Stats
Head of State Head of Government Country % Correct
Juan Carlos I Mariano Rajoy Spain
95%
Benedict XVI Giuseppe Bertello Vatican City
90%
Elizabeth II David Cameron United Kingdom
89%
Vladimir Putin Dmitry Medvedev Russia
87%
Francois Hollande Jean-Marc Ayrault France
85%
Beatrix Mark Rutte Netherlands
84%
Joachim Gauck Angela Merkel Germany
82%
Margrethe II Helle Thorning-Schmidt Denmark
79%
Karolos Papoulias Antonis Samaras Greece
79%
Giorgio Napolitano Mario Monti Italy
79%
Heinz Fischer Werner Faymann Austria
78%
Harald V Jens Stoltenberg Norway
78%
Ólafur Ragnar Grímsson Jóhanna Sigurdardóttir Iceland
77%
Carl XVI Gustaf Fredrik Reinfeldt Sweden
75%
Bronislaw Komorowski Donald Tusk Poland
73%
Grand-Duke Henri Jean-Claude Juncker Luxembourg
70%
Victor Yanukovych Mykola Azarov Ukraine
69%
Joan Enric Vives i Sicilia + Francois Hollande Antoni Martí Andorra
68%
Michael D. Higgins Taoiseach Enda Kenny Ireland
66%
Tomislav Nikolic Ivica Dačić Serbia
66%
Aníbal Cavaco Silva Pedro Passos Coelho Portugal
64%
Alexander Lukashenko Mikhail Myasnikovich Belarus
63%
Ivo Josipovic Zoran Milanovic Croatia
63%
Albert II Michel Roger Monaco
63%
Sauli Niinistö Jyrki Katainen Finland
62%
Albert II Elio di Rupo Belgium
56%
Traian Bãsescu Victor Ponta Romania
56%
János Ader Viktor Orbán Hungary
54%
Hans-Adam II Klaus Tschütscher Liechtenstein
54%
Rosen Plevneliev Boyko Borisov Bulgaria
51%
Václav Klaus Petr Nečas Czech republic
49%
Andris Bërzinš Valdis Dombrovskis Latvia
45%
Filip Vujanovic Igor Lukšić Montenegro
45%
Bujar Nishani Sali Berisha Albania
44%
Dalia Grybauskaité Andrius Kubilius Lithuania
44%
Teodoro Lonfernini Denise Bronzetti San Marino
42%
Federal Council lead by Doris Leuthard Corina Casanova Switzerland
40%
Toomas Hendrik Ilves Andrus Ansip Estonia
39%
Ivan Gašparovič Robert Fico Slovakia
38%
Valentin Inzko + three member presidency Vjekoslav Bevanda Bosnia and Herzegovina
35%
Nicolae Timofti Vlad Filat Moldova
35%
Atifete Jahjaga Hashim Thaçi Kosovo
34%
Danilo Türk Janez Janša Slovenia
34%
Gjorge Ivanov NIkola Gruevski Macedonia
32%
George Abela Lawrence Gonzi Malta
31%
No matching quizzes found
Score Distribution
Percent of People with Each Score
Percentile by Number Answered
Your Score History
You have not taken this quiz